Manual de derecho polt̕ico Instituciones polt̕icas / Tomo I

Bibliographic Details
Main Author: Verdugo Marinkovic, Mario
Other Authors: Garca̕ Barzelatto, Ana Mara̕
Format: eBook
Language:Spanish
Published: [Chile] : Editorial jurd̕ica de Chile, 2010.
Subjects:
Online Access:Acceso restringido. Tomo I

MARC

LEADER 00000nam a22000007a 4500
005 20111003115118.0
008 111003s2010 cl |||||s|||| 00||0 spa d
020 |a 978-956-10-1995-9 
035 |a 5841 
040 |a vLex 
090 |c 2586  |d 2586 
100 1 |a Verdugo Marinkovic, Mario 
245 1 0 |a Manual de derecho polt̕ico   |h [Recurso electrn̤ico] :  |b Instituciones polt̕icas /  |c Mario Verdugo Marinkovic, Ana Mara̕ Garca̕ Barzelatto  |n Tomo I 
256 |a Servicio en ln̕ea. 
260 |a [Chile] :  |b Editorial jurd̕ica de Chile,  |c 2010. 
300 |a 1 recurso electrn̤ico 
506 1 |a Contenido solo disponible en los productos indicados  |d vLex Global  |d vLex Global (Academic Edition, excluding Law Schools)  |d vLex Global (U.S. Academic Edition, Law Schools)  |d vLex Global (U.S. Academic Edition, excluding Law Schools)  |d vLex Global (Academic Edition, Law Schools) 
650 0 4 |a Derecho constitucional  |z Chile 
700 1 |a Garca̕ Barzelatto, Ana Mara̕ 
740 0 |a vLex Libros (Servicio en ln̕ea) 
856 4 0 |u http://vlex.com/source/manual-derecho-politico-instituciones-politicas-tomo-i-5841  |z Acceso restringido. Tomo I 
942 |c BOOK